| 000 | 01876cam a22004338i 4500 | ||
|---|---|---|---|
| 003 | PE-LiUPU | ||
| 005 | 20250804175143.0 | ||
| 008 | 190214s2019 idu 000 0 eng c | ||
| 020 | _a9780816365029 | ||
| 035 | _a(OCoLC)1089277911 | ||
| 040 |
_aLBSOR/DLC _beng _erda _cPE-LiUPU _dPE-LiUPU |
||
| 082 | 0 | 0 |
_a231.7652 _223 _bB817c |
| 100 | 1 |
_aBrand, Leonard, _d1941- _eauthor. |
|
| 245 | 1 | 0 |
_aCreation? Really? : _ba conversation / _cby Leonard Brand. |
| 264 | 1 |
_aNampa, Idaho : _bPacific Press Publishing Association, _c2019. |
|
| 300 |
_a96 páginases ; _c18 centímetros. |
||
| 336 |
_atext _2rdacontent. |
||
| 337 |
_aunmediated _2rdamedia. |
||
| 338 |
_avolume _2rdacarrier. |
||
| 505 | 0 | _aControversy -- Assumptions, questions, and science -- Puzzles in sandstone -- A story unfolds -- Microevolution and certainty -- Deep time -- Questions about deep time -- Macroevolution-a certainty? -- Macroevolution once more -- The eternal rocks? -- A synthesis. | |
| 520 |
_a"Two scientists on a road-trip discuss human origins from different perspectives. One defends a God-driven creation, the other, atheistic evolution"-- _cProvided by publisher. |
||
| 526 | _aSEG42 | ||
| 526 | _aSEG41 | ||
| 526 | _aSEG40 | ||
| 526 | _aSEG39 | ||
| 526 | _aP94 | ||
| 526 | _aP87 | ||
| 526 | _aP86 | ||
| 526 | _aP85 | ||
| 526 | _aP77 | ||
| 526 | _aP76 | ||
| 526 | _aP35 | ||
| 650 | 0 |
_aEvolution (Biology) _xReligious aspects _xChristianity. |
|
| 650 | 0 |
_aCreacionismo. _9228 |
|
| 776 | 0 | 8 |
_w(DLC) 2019003988Online _iOnline version: _aBrand, Leonard, 1941- author. _tCreation? Really? _dNampa, Idaho : Pacific Press Publishing Association, 2019 _z9789004378322DLC) 2019009557. |
| 942 |
_2ddc _cBK _n0 |
||
| 999 |
_c61939 _d61939 |
||
| 980 |
_618226 _aJaime Vilcazán Jefe de Análisis Documental _818226 _gJaime Vilcazán Jefe de Análisis Documental |
||